Politický marketing kandidáta republikánov v prezidentských voľbách v USA v roku 2016

Kontroverzný prezidentský kandidát Donald Trump. Financovanie kampane. Slogan Trumpovej kampane. Faktory ovplyvňujúce kampaň.

Salvato in:
Dettagli Bibliografici
Autore principale: Zvončeková, Janka
Natura: Capitolo di libro
Lingua:slovacco
Soggetti:
Tags: Aggiungi Tag
Nessun Tag, puoi essere il primo ad aggiungerne!!

MARC

LEADER 00000nla a2200000 4500
001 0229009
005 20240502073755.9
041 0 |a slo 
044 |a SK 
245 1 0 |a Politický marketing kandidáta republikánov v prezidentských voľbách v USA v roku 2016  |c Janka Zvončeková 
520 |a Kontroverzný prezidentský kandidát Donald Trump. Financovanie kampane. Slogan Trumpovej kampane. Faktory ovplyvňujúce kampaň. 
610 2 0 |a marketing politický 
610 2 0 |a komunikácia marketingová 
610 2 0 |a voľby 
610 2 0 |a prezidenti 
610 2 0 |a médiá 
610 2 0 |a siete sociálne 
610 2 0 |a financovanie 
610 2 0 |a financie 
610 2 0 |a USA 
100 1 |a Zvončeková, Janka